Ancient Rome Quiz - Statistics

General Stats
  • This quiz has been taken 31 times
  • The average score is 16 of 20
Answer Stats
Hint Answer % Correct
3) Led the Romans during the Gallic wars beforebeing stabbed to death on the Ides of March Julius Caesar
100%
5) Language of the Roman empire Latin
96%
12) Tyrannical emperor who some say was directly involvedin the Great Fire of Rome in 64 AD Nero
96%
4) Led the assassination of the above Brutus
93%
11) Roman emperor who constructed a wall in northernEngland to defend against invasion Hadrian
93%
1) After founding Rome, legend says he killedhis brother Remus and naming the city for himself Romulus
93%
19) Last Western Roman emperor in 476 AD Romulus
93%
2) First Roman emperor Augustus
89%
6) Famous for his alliance and love affair with thepharaoh Cleopatra Mark Antony
89%
9) Wars in which the above and Rome fought from264-146 BC Punic
89%
8) Powerful empire located in modern day Tunisia thatclashed with the Romans Carthage
85%
10) Carthaginian emperor who led an army across theAlps to surprise Rome from the north Hannibal
85%
17) Roman king of the Gods Jupiter
85%
16) The first Christian emperor and founder of the city thatbeared his name in modern day Turkey Constantine
81%
20) Frankish king crowned Holy Roman Emperor on ChristmasDay in 800 Charlemagne
74%
18) Nomadic people from central Asia that terrified the Romanempire with invasions Huns
74%
7) This emperor was known for his tyrannical like rule,with stories depicting him as a sadistic madman Caligula
63%
13) Adopted father of the above, this emperor began theconquest of Britain Claudius
48%
14) Adopted son in law of #11, the 4th of the 5 Good Emperors Antoninus Pius
15%
15) He was the first commoner to become emperor, giventhe nickname Thrax Maximinus
15%
No matching quizzes found
Score Distribution
Percent of People with Each Score
Percentile by Number Answered
Your Score History
You have not taken this quiz